| 000 | 00642nam a2200193 a 4500 | ||
|---|---|---|---|
| 001 | 000017584 | ||
| 005 | 20240412074248.0 | ||
| 008 | 100329s1992 dr 000 p spa d | ||
| 040 |
_aDO-SdBNP _bspa _cBNPHU |
||
| 082 |
_aRD861.44 _bN714e |
||
| 100 | 1 |
_aNina, Juan B., _d1959- _q(Juan Bautista) _99246 |
|
| 245 | 1 | 0 |
_aEvocación de los tiempos en fin de siglo / _cJuan B. Nina Martínez. |
| 260 |
_aSanto Domingo : _bImpresora Carlos, _c1992. |
||
| 300 |
_a21 p. ; _c21 cm. |
||
| 500 | _aIncluye datos biográficos del autor en la contracubierta. | ||
| 650 | 0 |
_aPoesía dominicana _966 |
|
| 650 | 0 |
_aLiteratura dominicana. _967 |
|
| 049 | _aBNPD | ||
| 999 |
_c17109 _d17109 |
||